[Event "8 Player Open 13"]
[Site "SchemingMind.com"]
[Date "2014.09.25"]
[Round "-"]
[White "Marc Wakeham"]
[Black "Manfred Kraut"]
[Result "1/2-1/2"]
[WhiteCountry "WLS"]
[BlackCountry "GER"]
[WhiteElo "1534"]
[WhiteRD "61"]
[BlackElo "1550"]
[BlackRD "68"]
[GameID "365009"]

1. e4 c5 2. c3 Nc6 3. Nf3 g6 4. Bb5 Bg7 5. O-O a6 6. Bxc6 bxc6 7. d3 d6 8. Be3 Nf6 9. Nbd2 O-O 10. d4 cxd4
11. cxd4 e6 12. Re1 d5 13. e5 Ne4 14. Rc1 a5 15. Qa4 Bd7 16. Nxe4 dxe4 17. Nd2 c5 18. Qc2 Rc8 19. Qxe4 Bc6 20. Qd3 Qd5
21. f3 Rb8 22. b3 Bb5 23. Qe4 Qxe4 24. Nxe4 cxd4 25. Bxd4 a4 26. Nc3 axb3 27. axb3 Rfd8 28. Nxb5 Rxb5 29. Ba1 Rxb3=
1/2-1/2

[Event "8 Player Open 13"]
[Site "SchemingMind.com"]
[Date "2014.09.25"]
[Round "-"]
[White "Manfred Kraut"]
[Black "Marc Wakeham"]
[Result "1-0"]
[WhiteCountry "GER"]
[BlackCountry "WLS"]
[WhiteElo "1550"]
[WhiteRD "68"]
[BlackElo "1534"]
[BlackRD "61"]
[GameID "365010"]

1. d4 Nf6 2. Nf3 g6 3. e3 Bg7 4. Bd3 O-O 5. O-O d6 6. b3 Re8 7. Bb2 Bg4 8. Nbd2 c5 9. dxc5 dxc5 10. c4 Nc6
11. Be2 Nb4 12. a3 Nd3 13. Bxd3 e6 14. Be2 Rc8 15. Ne5 Bxe2 16. Qxe2 Nd7 17. f4 Nxe5 18. fxe5 a6 19. Ne4 Re7 20. Nf6+ Bxf6
21. exf6 Rd7 22. Qg4 Qf8 23. h4 Qh6 24. Bc1 Qf8 25. h5 Rd3 26. hxg6 hxg6 27. Kf2 Rcd8 28. Rh1 e5 29. Qh4
1-0

[Event "8 Player Open 13"]
[Site "SchemingMind.com"]
[Date "2014.09.29"]
[Round "-"]
[White "Marc Wakeham"]
[Black "maro"]
[Result "1-0"]
[WhiteCountry "WLS"]
[BlackCountry "MEX"]
[WhiteElo "1534"]
[WhiteRD "61"]
[BlackElo "1521"]
[BlackRD "55"]
[GameID "365097"]

1. e4 e5 2. Nf3 Nc6 3. d4 exd4 4. c3 dxc3 5. Nxc3 Bc5 6. Bc4 Qf6 7. O-O Nge7 8. Nb5 Bb6 9. Re1 O-O 10. Be3 Bxe3
11. Rxe3 a5 12. Nxc7 Rb8 13. b3 Na7 14. e5 Qg6 15. Qe1 b6 16. Nb5 Nxb5 17. Bxb5 Nf5 18. Rd3 Bb7 19. Rc1 Nh4 20. Nxh4 Qg4
21. Nf3 Rfe8 22. Rc4 Qg6 23. Rdc3 d5 24. Rc7 d4 25. Rc1 Red8 26. Bc6 Bxc6 27. R1xc6
1-0

[Event "8 Player Open 13"]
[Site "SchemingMind.com"]
[Date "2014.09.29"]
[Round "-"]
[White "maro"]
[Black "Marc Wakeham"]
[Result "0-1"]
[WhiteCountry "MEX"]
[BlackCountry "WLS"]
[WhiteElo "1521"]
[WhiteRD "55"]
[BlackElo "1534"]
[BlackRD "61"]
[GameID "365098"]

1. e4 d6 2. Nf3 Nf6 3. Nc3 g6 4. Bb5+ c6 5. Ba4 b5 6. Bb3 a5 7. a4 b4 8. Ne2 Ba6 9. O-O Bg7 10. Ng5 O-O
11. d4 h6 12. Nf3 Nxe4 13. c3 c5 14. dxc5 dxc5 15. cxb4 cxb4 16. Re1 e6 17. Qxd8 Rxd8 18. Be3 Nc6 19. Bc2 Nd6 20. Ra2 Nc4
21. b3 Nxe3 22. fxe3 Rd6 23. h3 Rad8 24. Raa1 Bxa1 25. Rxa1 Bxe2 26. Ne1 Ne5
0-1

[Event "8 Player Open 13"]
[Site "SchemingMind.com"]
[Date "2014.09.29"]
[Round "-"]
[White "Manfred Kraut"]
[Black "maro"]
[Result "1-0"]
[WhiteCountry "GER"]
[BlackCountry "MEX"]
[WhiteElo "1550"]
[WhiteRD "68"]
[BlackElo "1521"]
[BlackRD "55"]
[GameID "365099"]

1. d4 d5 2. Nf3 Nc6 3. e3 Nf6 4. Bd3 e6 5. O-O Bd6 6. b3 O-O 7. Bb2 Re8 8. Nbd2 e5 9. dxe5 Nxe5 10. Nxe5 Bxe5
11. Bxe5 Rxe5 12. Nf3 Re6 13. Nd4 Re8 14. f4 Bg4 15. Qe1 Qd7 16. h3 Bf5 17. Nxf5 d4 18. e4 c5 19. Qg3 g6 20. e5 Nd5
21. Nh6+ Kg7 22. Nf5+ Kf8 23. Nh4 Ne3 24. Rfe1 a6 25. c3 Nf5 26. Nxf5 gxf5 27. Qg5 dxc3 28. Bxf5 Qd4+ 29. Kh2 Re7 30. Qh6+ Ke8
31. Qxh7 Qxf4+ 32. Kh1 Rxe5 33. Qh8+ Ke7 34. Rxe5+
1-0

[Event "8 Player Open 13"]
[Site "SchemingMind.com"]
[Date "2014.10.01"]
[Round "-"]
[White "maro"]
[Black "Manfred Kraut"]
[Result "1-0"]
[WhiteCountry "MEX"]
[BlackCountry "GER"]
[WhiteElo "1521"]
[WhiteRD "55"]
[BlackElo "1550"]
[BlackRD "68"]
[GameID "365100"]

1. d4 g6 2. e4 Bg7 3. e5 d5 4. exd6 cxd6 5. Nf3 Nf6 6. d5 O-O 7. c4 Ne4 8. Qc2 Bf5 9. Bd3 e6 10. O-O Nd7
11. Bxe4 Bxe4 12. Qxe4 Nc5 13. Qe2 e5 14. Be3 e4 15. Nd4 Re8 16. b3 Re5 17. Nc3 Nd3 18. Qg4 a6 19. Nxe4 Rh5 20. Rab1 Ne5
21. Qg3 Rg5 22. Nxg5 h6 23. Ne4 Nd3 24. Nxd6 Bxd4 25. Bxd4 Qa5 26. Qxd3 Qc7 27. Qh3 Qxd6 28. Qxh6 f6 29. Qxg6+ Kf8 30. b4 Re8
31. Bc5
1-0

[Event "8 Player Open 13"]
[Site "SchemingMind.com"]
[Date "2014.10.01"]
[Round "-"]
[White "Marc Wakeham"]
[Black "Scooter"]
[Result "0-1"]
[WhiteCountry "WLS"]
[BlackCountry "USA"]
[WhiteElo "1534"]
[WhiteRD "61"]
[BlackElo "1752"]
[BlackRD "44"]
[GameID "366175"]

1. e4 c6 2. d4 d5 3. Nc3 dxe4 4. f3 exf3 5. Nxf3 Bg4 6. h3 Bxf3 7. Qxf3 Qxd4 8. Be3 Qe5 9. Bc4 Nf6 10. O-O-O e6
11. Kb1 Be7 12. Bd4 Qc7 13. g4 e5 14. Be3 h6 15. h4 Nbd7 16. g5 e4 17. Nxe4 hxg5 18. Bxg5 O-O-O 19. h5 Qe5 20. Nxf6 Bxf6
21. Bxf6 Nxf6 22. Rxd8+ Kxd8 23. Bxf7 Kc7 24. Bg6 Rd8 25. a3 Qd5 26. Qf4+ Rd6 27. Re1 Nxh5 28. Qg4 Nf6 29. Qg3 Kb6 30. Qc3 a6
31. Qb4+ Ka7 32. Bd3 Re6 33. Rg1 g5 34. Bc4 Qd4 35. Bxe6 Qxg1+ 36. Ka2 g4 37. Bc8 Qb6 38. Qf4 Qd8 39. Bxg4= Qg8+ 40. b3 Nxg4
41. Qd4+ Ka8
0-1

[Event "8 Player Open 13"]
[Site "SchemingMind.com"]
[Date "2014.10.01"]
[Round "-"]
[White "Scooter"]
[Black "Marc Wakeham"]
[Result "1-0"]
[WhiteCountry "USA"]
[BlackCountry "WLS"]
[WhiteElo "1752"]
[WhiteRD "44"]
[BlackElo "1534"]
[BlackRD "61"]
[GameID "366176"]

1. d4 Nf6 2. Nf3 g6 3. Bf4 d6 4. e3 Bg7 5. Be2 O-O 6. O-O h6 7. h3 Bd7 8. Nbd2 Bc6 9. c4 a6 10. Rb1 b5
11. d5 Bd7 12. b3 b4 13. Bd3 a5 14. Re1 Na6 15. e4 Nc5 16. Bc2 c6 17. dxc6 Bxc6 18. e5 dxe5 19. Nxe5 Bb7 20. Qe2 Ne6
21. Bg3 Nd4 22. Qd1 Nxc2 23. Qxc2 Nd7 24. Nxd7 Qxd7 25. Rbd1 Qc6 26. Qe4 Qxe4 27. Nxe4 Bxe4 28. Rxe4 e6 29. Rd7 a4 30. Bd6 axb3
31. axb3 Rfd8 32. Rxd8+ Rxd8 33. Bxb4 Rd1+ 34. Re1 Rxe1+ 35. Bxe1 Bd4 36. b4 Kf8 37. c5 Ke7 38. Kf1 Kd7 39. Ke2 Kc6 40. Kd3 Be5
41. Kc4 f5 42. b5+ Kb7 43. Bd2 h5 44. c6+ Kc7 45. Ba5+ Kc8 46. b6 g5 47. Bc3 Bh2 48. g3 h4 49. Be5 hxg3 50. b7+
1-0

[Event "8 Player Open 13"]
[Site "SchemingMind.com"]
[Date "2014.10.02"]
[Round "-"]
[White "Manfred Kraut"]
[Black "Scooter"]
[Result "1-0"]
[WhiteCountry "GER"]
[BlackCountry "USA"]
[WhiteElo "1550"]
[WhiteRD "68"]
[BlackElo "1752"]
[BlackRD "44"]
[GameID "366177"]

1. d4 Nf6 2. Nf3 g6 3. e3 Bg7 4. Bd3 O-O 5. O-O d6 6. b3 Bg4 7. Nbd2 Nbd7 8. Bb2 e5 9. dxe5 dxe5 10. Qe1 Re8
11. e4 Nc5 12. Qe3 Nxd3 13. cxd3 Bxf3 14. Nxf3 Ng4 15. Qd2 c5 16. h3 Nh6 17. Rac1 b6 18. b4 cxb4 19. Qxb4 Qxd3 20. Rfd1 Qa6
21. Qb3 Rac8 22. Rxc8 Qxc8 23. Rc1 Qb7 24. Ng5 Bf6 25. Nf3 Qxe4 26. Rc7 Qb1+ 27. Kh2 e4 28. Bxf6 Qxb3 29. axb3 exf3 30. g3 Nf5
31. Rxa7 Nd6 32. h4 Ne4 33. Bd4 b5 34. Kh3 h5 35. Rb7 Rd8 36. Be3 Nc3 37. g4 hxg4+ 38. Kxg4 Rd5 39. Kxf3 Rf5+ 40. Kg4 Ne4
41. f4 Kg7 42. Bd4+ Kg8 43. Rb8+
1-0

[Event "8 Player Open 13"]
[Site "SchemingMind.com"]
[Date "2014.10.01"]
[Round "-"]
[White "Scooter"]
[Black "Manfred Kraut"]
[Result "1-0"]
[WhiteCountry "USA"]
[BlackCountry "GER"]
[WhiteElo "1761"]
[WhiteRD "48"]
[BlackElo "1533"]
[BlackRD "70"]
[GameID "366178"]

1. d4 g6 2. Nf3 Bg7 3. Bf4 d6 4. e3 Nf6 5. Be2 O-O 6. O-O Nbd7 7. Nbd2 c5 8. c3 Nd5 9. Bg5 N7f6 10. e4 Nb6
11. dxc5 dxc5 12. Nc4 Be6 13. Nxb6 Qxb6 14. b3 Rad8 15. Qc2 Qc6 16. e5 Nd5 17. Bc4 Bf5 18. Bxd5 Rxd5 19. Qe2 h6 20. Bxe7 Re8
21. Bh4 Bxe5 22. Nxe5 Rdxe5 23. Qd2 Re4 24. Qxh6 Rg4 25. f3 Rxh4 26. Qxh4 b5 27. Rfe1 Rc8 28. Qg3 c4 29. b4 Qb6+ 30. Qf2 Qf6
31. Qd4 Qg5 32. Qxa7 Bh3 33. Qf2 Rd8 34. Rad1 Rxd1 35. Rxd1 Kg7 36. Qg3 Qe3+ 37. Kf1 Bf5 38. Qf2 Qxc3 39. Qd4+ Qxd4 40. Rxd4 Kf6
41. Rd5 Bd3+ 42. Ke1 Bb1 43. a3 c3 44. Rxb5 c2 45. Kd2 g5 46. a4 Kg6 47. a5
1-0

[Event "8 Player Open 13"]
[Site "SchemingMind.com"]
[Date "2014.09.30"]
[Round "-"]
[White "maro"]
[Black "Scooter"]
[Result "0-1"]
[WhiteCountry "MEX"]
[BlackCountry "USA"]
[WhiteElo "1521"]
[WhiteRD "55"]
[BlackElo "1752"]
[BlackRD "44"]
[GameID "366179"]

1. e4 c6 2. d4 d5 3. e5 Bf5 4. Bd3 Bxd3 5. Qxd3 e6 6. Nf3 Nd7 7. O-O c5 8. Bg5 Be7 9. Bxe7 Nxe7 10. b3 cxd4
11. Qxd4 Nf5 12. Qc3 O-O 13. Nbd2 Rc8 14. Qd3 Qc7 15. Rfe1 Qxc2 16. Qb5 Qc6 17. a4 a6 18. Qb4 Nc5 19. Qc3 Nd7 20. Qb2 b5
21. axb5 Qxb5 22. Nd4 Nxd4 23. Qxd4 a5 24. Qa7 Nxe5 25. Rxe5 Qc5 26. Qxc5 Rxc5 27. Ree1 Rc2 28. Nf3 Ra8 29. Ra3 h6 30. Nd4 Rd2
31. Nc6 d4 32. b4 a4 33. b5 Rb2 34. Nxd4 Rb4 35. b6 Rxd4 36. b7 Rb8 37. Rb1 Rxb7 38. Rba1 Rb3 39. h3 Rxa3 40. Rxa3 f5
0-1

[Event "8 Player Open 13"]
[Site "SchemingMind.com"]
[Date "2014.09.30"]
[Round "-"]
[White "Scooter"]
[Black "maro"]
[Result "1-0"]
[WhiteCountry "USA"]
[BlackCountry "MEX"]
[WhiteElo "1752"]
[WhiteRD "44"]
[BlackElo "1521"]
[BlackRD "55"]
[GameID "366180"]

1. d4 d5 2. Nf3 Nc6 3. Bf4 e6 4. e3 Bd6 5. Bxd6 Qxd6 6. c3 Nf6 7. Bb5 Bd7 8. O-O O-O 9. Nbd2 a6 10. Bxc6 Bxc6
11. Qc2 Bb5 12. c4 dxc4 13. Nxc4 Bxc4 14. Qxc4 b5 15. Qc2 Rac8 16. Rac1 c5 17. dxc5 Rxc5 18. Qxc5
1-0

[Event "8 Player Open 13"]
[Site "SchemingMind.com"]
[Date "2014.10.01"]
[Round "-"]
[White "Marc Wakeham"]
[Black "gabeeg"]
[Result "0-1"]
[WhiteCountry "WLS"]
[BlackCountry "USA"]
[WhiteElo "1534"]
[WhiteRD "61"]
[BlackElo "2035"]
[BlackRD "110"]
[GameID "366242"]

1. e4 d6 2. d4 Nf6 3. Nc3 g6 4. Bg5 Bg7 5. Qd2 h6 6. Bh4 c6 7. O-O-O O-O 8. f4 b5 9. h3 Nbd7 10. g4 b4
11. Nce2 Nxe4 12. Qe1 Rb8 13. b3 Ba6 14. Kb2 Bxe2 15. Bxe2 Nc3 16. Rd3 Qa5
0-1

[Event "8 Player Open 13"]
[Site "SchemingMind.com"]
[Date "2014.10.01"]
[Round "-"]
[White "gabeeg"]
[Black "Marc Wakeham"]
[Result "1-0"]
[WhiteCountry "USA"]
[BlackCountry "WLS"]
[WhiteElo "2035"]
[WhiteRD "110"]
[BlackElo "1534"]
[BlackRD "61"]
[GameID "366243"]

1. Nf3 d6 2. d4 Nf6 3. c4 g6 4. Nc3 Bg7 5. e4 O-O 6. Be2 c5 7. d5 Bg4 8. O-O Nbd7 9. h3 Bxf3 10. Bxf3 Ne5
11. Be2 Ne8 12. Qb3 b6 13. f4 Nd7 14. Bd2 Nc7 15. a3 e5 16. f5 Ne8 17. Qa4 Nef6 18. Bg5 Qe8 19. Qc6 Qc8 20. Qxd6 Qb8
21. Qxb8 Raxb8 22. b4 h6 23. Be3 g5 24. g4 a6 25. Rfb1 cxb4 26. axb4 Ra8 27. c5 bxc5 28. bxc5 Rfc8 29. c6 Nf8 30. Bxa6 Re8
31. Bb7 Rxa1 32. Rxa1
1-0

[Event "8 Player Open 13"]
[Site "SchemingMind.com"]
[Date "2014.10.01"]
[Round "-"]
[White "Manfred Kraut"]
[Black "gabeeg"]
[Result "0-1"]
[WhiteCountry "GER"]
[BlackCountry "USA"]
[WhiteElo "1533"]
[WhiteRD "70"]
[BlackElo "1993"]
[BlackRD "101"]
[GameID "366244"]

1. d4 d6 2. Nf3 Nf6 3. e3 g6 4. Bd3 Bg7 5. O-O O-O 6. b3 Nc6 7. Bb2 Bg4 8. Nbd2 Nb4 9. a3 Nxd3 10. cxd3 d5
11. Qe1 c6 12. Ne5 Be6 13. f4 Qa5 14. Ndf3 Qxe1 15. Raxe1 Ng4 16. Nxg4 Bxg4 17. h3 Bxf3 18. Rxf3 a5 19. Kf2 c5 20. g4 e6
21. Re2 b6 22. f5 exf5 23. gxf5 a4 24. bxa4 Rxa4 25. dxc5 bxc5 26. e4 Bxb2 27. Rxb2 dxe4 28. dxe4 Rxe4 29. fxg6 hxg6 30. Ra2 Ra8
31. Rc3 Ra5 32. Kf3 f5 33. Rac2 Kg7 34. Rxc5 Rxa3+ 35. Kg2 Ree3 36. h4 Kh6 37. R5c4 Kh5 38. Rc6 Rg3+
0-1

[Event "8 Player Open 13"]
[Site "SchemingMind.com"]
[Date "2014.10.01"]
[Round "-"]
[White "gabeeg"]
[Black "Manfred Kraut"]
[Result "1-0"]
[WhiteCountry "USA"]
[BlackCountry "GER"]
[WhiteElo "1993"]
[WhiteRD "101"]
[BlackElo "1533"]
[BlackRD "70"]
[GameID "366245"]

1. Nf3 g6 2. e4 Bg7 3. d4 d6 4. Nc3 Nf6 5. Be2 O-O 6. O-O c5 7. d5 Nbd7 8. Bf4 a6 9. a4 Ne5 10. Nxe5 dxe5
11. Bxe5 Bd7 12. b3 Rb8 13. Bxb8 Qxb8 14. Qd2 Qe5 15. Qe3 Bg4 16. h3 Bxe2 17. Nxe2 Nxd5 18. exd5 Qxe3 19. fxe3 Bxa1 20. Rxa1 Rd8
21. c4 Rd6 22. Rf1 e5 23. a5 f5 24. g4 fxg4 25. hxg4 Kg7 26. g5 h5 27. gxh6+ Kxh6 28. Rf7 b6 29. Ng3 bxa5 30. Ne4 Rb6
31. Nxc5
1-0

[Event "8 Player Open 13"]
[Site "SchemingMind.com"]
[Date "2014.10.01"]
[Round "-"]
[White "maro"]
[Black "gabeeg"]
[Result "0-1"]
[WhiteCountry "MEX"]
[BlackCountry "USA"]
[WhiteElo "1521"]
[WhiteRD "55"]
[BlackElo "2035"]
[BlackRD "110"]
[GameID "366246"]

1. e4 Nc6 2. Nf3 e5 3. Bc4 Bc5 4. O-O d6 5. d3 Bg4 6. h3 Bh5 7. Re1 Nd4 8. g4 Nxf3+ 9. Qxf3 Bg6 10. Be3 Bxe3
11. Rxe3 Qe7 12. Nc3 c6 13. b4 Nf6 14. b5 Rb8 15. bxc6 bxc6 16. Rd1 O-O 17. d4 Rfd8 18. d5 c5 19. Nb5 a5 20. a4 Rb7
21. Rb1 Nd7 22. Ba2 Nb6 23. c4 Nxa4 24. Bb3 Nb6 25. Ra1 a4 26. Bxa4 Nxc4 27. Ree1 Nd2 28. Qd3 Nxe4 29. Rxe4 Bxe4 30. Qxe4 Rdb8
31. Qe2 Ra8 32. Nc3 Rb4 33. Qc2 Qh4 34. Qd3 Rf4 35. f3 Qg3+ 36. Kf1 Rxf3+
0-1

[Event "8 Player Open 13"]
[Site "SchemingMind.com"]
[Date "2014.10.01"]
[Round "-"]
[White "gabeeg"]
[Black "maro"]
[Result "1-0"]
[WhiteCountry "USA"]
[BlackCountry "MEX"]
[WhiteElo "2035"]
[WhiteRD "110"]
[BlackElo "1521"]
[BlackRD "55"]
[GameID "366247"]

1. Nf3 Nc6 2. d4 d5 3. c4 e6 4. Nc3 Bb4 5. Bg5 Nf6 6. e3 O-O 7. Bd3 Be7 8. O-O b6 9. Nb5 a6 10. Nc3 Na5
11. b3 c5 12. cxd5 exd5 13. Ne5 Bd6 14. Bxf6 Qxf6 15. Nxd5 Qe6 16. Nxb6 Ra7 17. Nxc8 Qxc8 18. Rc1 Bxe5 19. Rxc5 Nc6 20. dxe5 Re8
21. Qc2 a5 22. Bxh7+ Kh8 23. Rxc6 Qa8 24. Rc1
1-0

[Event "8 Player Open 13"]
[Site "SchemingMind.com"]
[Date "2014.10.04"]
[Round "-"]
[White "Scooter"]
[Black "gabeeg"]
[Result "0-1"]
[WhiteCountry "USA"]
[BlackCountry "USA"]
[WhiteElo "1752"]
[WhiteRD "44"]
[BlackElo "2035"]
[BlackRD "110"]
[GameID "366248"]

1. d4 d6 2. Nf3 g6 3. Bf4 Nf6 4. e3 Bg7 5. Be2 O-O 6. O-O Nbd7 7. Nbd2 Re8 8. h3 e5 9. dxe5 dxe5 10. Bg5 Qe7
11. c3 b6 12. Ne4 Rd8 13. Qc2 Bb7 14. Rfd1 h6 15. Bxf6 Nxf6 16. Nxf6+ Bxf6 17. Rxd8+ Rxd8 18. Rd1 e4 19. Rxd8+ Qxd8 20. Nd2 Qe8
21. Bc4 c5 22. a4 Be5 23. b4 Kg7 24. Kf1 f5 25. Qb3 Qd7 26. Bg8 Bxc3 27. Nc4 Qd3+
0-1

[Event "8 Player Open 13"]
[Site "SchemingMind.com"]
[Date "2014.10.02"]
[Round "-"]
[White "gabeeg"]
[Black "Scooter"]
[Result "1-0"]
[WhiteCountry "USA"]
[BlackCountry "USA"]
[WhiteElo "2035"]
[WhiteRD "110"]
[BlackElo "1752"]
[BlackRD "44"]
[GameID "366249"]

1. Nf3 Nf6 2. c4 g6 3. Nc3 Bg7 4. e4 d6 5. d4 Bg4 6. Be2 O-O 7. Be3 Nbd7 8. O-O e5 9. d5 Nc5 10. Nd2 Bxe2
11. Qxe2 c6 12. b4 Na6 13. a3 cxd5 14. cxd5 b6 15. Qxa6 Qc8 16. Qxc8 Rfxc8 17. Nb5 Bf8 18. Rac1 a6 19. Nc7 Rab8 20. Nxa6 Rxc1
21. Rxc1
1-0

[Event "8 Player Open 13"]
[Site "SchemingMind.com"]
[Date "2014.10.01"]
[Round "-"]
[White "Marc Wakeham"]
[Black "Sahajaxx"]
[Result "0-1"]
[WhiteCountry "WLS"]
[BlackCountry "ENG"]
[WhiteElo "1534"]
[WhiteRD "61"]
[BlackElo "2188"]
[BlackRD "77"]
[GameID "366263"]

1. e4 c5 2. c3 Nf6 3. e5 Nd5 4. Bc4 Nb6 5. Bb3 c4 6. Bc2 Nc6 7. Nf3 d6 8. exd6 Qxd6 9. O-O Bg4 10. h3 Bh5
11. d4 e6 12. Be3 Be7 13. Nbd2 O-O 14. Qc1 Rad8 15. Re1 Bf6 16. b3 Bxf3 17. Nxf3 cxb3 18. axb3 Nd5 19. Bd2 a6 20. Be4 Rc8
21. c4 Ndb4 22. Bc3 a5 23. Bxc6 Nxc6 24. Qa3 Qxa3 25. Rxa3 b6 26. Raa1 Rfd8 27. Rad1 g6 28. g4 Rd7 29. Rd2 Rcd8 30. Red1 Bg7
31. Kf1 h6 32. Ke2 Ne7 33. h4 Rc8 34. Ba1 a4 35. Rb1 axb3 36. Rxb3 Rxc4 37. Rxb6 Nd5 38. Rb8+ Kh7 39. g5 Rc1 40. Ra8 Nf4+
41. Ke3 Nd5+ 42. Ke2 h5 43. Ra5 Rb7 44. Raa2 Rb3 45. Rdc2 Nf4+ 46. Kd2 Rxc2+
0-1

[Event "8 Player Open 13"]
[Site "SchemingMind.com"]
[Date "2014.10.01"]
[Round "-"]
[White "Sahajaxx"]
[Black "Marc Wakeham"]
[Result "1-0"]
[WhiteCountry "ENG"]
[BlackCountry "WLS"]
[WhiteElo "2188"]
[WhiteRD "77"]
[BlackElo "1534"]
[BlackRD "61"]
[GameID "366264"]

1. d4 Nf6 2. c4 g6 3. Nc3 d5 4. Nf3 dxc4 5. Qa4+ Bd7 6. Qxc4 Bg7 7. e4 O-O 8. Be2 a6 9. O-O b5 10. Qd3 Nc6
11. a3 Qc8 12. Bd2 Bg4 13. Rac1 Na5 14. Ne5 Bxe2 15. Nxe2 Nb7 16. Nc6 Re8 17. Bb4 Kh8 18. Bxe7 Ng8 19. Bg5 Qd7 20. b3 h6
21. Bf4 Nd6 22. f3 Ne7 23. Ne5 Qd8 24. Rxc7 Qxc7 25. Nxf7+ Kh7 26. Nxd6 Rf8 27. Rc1 Qa7 28. g3 Rad8 29. e5 Nd5 30. Rc5 Nxf4
31. Nxf4
1-0

[Event "8 Player Open 13"]
[Site "SchemingMind.com"]
[Date "2014.10.01"]
[Round "-"]
[White "Manfred Kraut"]
[Black "Sahajaxx"]
[Result "0-1"]
[WhiteCountry "GER"]
[BlackCountry "ENG"]
[WhiteElo "1550"]
[WhiteRD "68"]
[BlackElo "2188"]
[BlackRD "77"]
[GameID "366265"]

1. d4 d5 2. Nf3 Nf6 3. e3 Bg4 4. Nbd2 e6 5. Be2 Nbd7 6. O-O Be7 7. Ne5 Bxe2 8. Qxe2 Nxe5 9. dxe5 Nd7 10. b3 c6
11. Bb2 O-O 12. f4 Bc5 13. Rf3 a5 14. Rh3 a4 15. Qh5 h6 16. Rg3 Kh8 17. Nf3 Bxe3+ 18. Kf1 axb3 19. Ng5 Bxf4 20. Nxf7+ Rxf7
21. Qxf7 Bxg3 22. hxg3 Qf8 23. Qxf8+ Rxf8+ 24. Kg1 bxc2 25. Rc1 Rf5 26. Rxc2 Nxe5
0-1

[Event "8 Player Open 13"]
[Site "SchemingMind.com"]
[Date "2014.10.01"]
[Round "-"]
[White "Sahajaxx"]
[Black "Manfred Kraut"]
[Result "1-0"]
[WhiteCountry "ENG"]
[BlackCountry "GER"]
[WhiteElo "2188"]
[WhiteRD "77"]
[BlackElo "1550"]
[BlackRD "68"]
[GameID "366266"]

1. Nf3 g6 2. d4 Bg7 3. c4 d6 4. Nc3 Nf6 5. e4 O-O 6. Be2 Nbd7 7. O-O c5 8. d5 Ne5 9. Nxe5 dxe5 10. Bg5 e6
11. Qc2 Qd7 12. Be3 exd5 13. cxd5 Ng4 14. Bxg4 Qxg4 15. Bxc5 Re8 16. f3 Qd7 17. Rad1 b6 18. Be3 Ba6 19. Rf2 Rac8 20. Qa4 Qxa4
21. Nxa4 Bf8 22. Nc3 Bc5 23. Bxc5 bxc5 24. Rfd2 Bb7 25. Nb5 Re7 26. d6 Rd7 27. Nc7 h5 28. Kf2 c4 29. f4 Bxe4 30. fxe5 Kg7
31. Ke3 Bf5 32. Nd5 Re8 33. Kf4 Kh6 34. Nf6
1-0

[Event "8 Player Open 13"]
[Site "SchemingMind.com"]
[Date "2014.10.01"]
[Round "-"]
[White "maro"]
[Black "Sahajaxx"]
[Result "0-1"]
[WhiteCountry "MEX"]
[BlackCountry "ENG"]
[WhiteElo "1521"]
[WhiteRD "55"]
[BlackElo "2188"]
[BlackRD "77"]
[GameID "366267"]

1. e4 c5 2. d4 cxd4 3. Qxd4 Nc6 4. Qe3 Nf6 5. Nc3 d5 6. exd5 Nxd5 7. Nxd5 Qxd5 8. Nf3 e6 9. a3 Bc5 10. Qg5 Qxg5
11. Nxg5 h6 12. Ne4 Be7 13. Bb5 Bd7 14. O-O O-O 15. Be3 a6 16. Bd3 Ne5 17. Be2 Bc6 18. f3 Bxe4 19. fxe4 Rac8 20. c3 Bc5
21. Bxc5 Rxc5 22. Rac1 Rfc8 23. Kf2 Nc4 24. b4 R5c7 25. a4 Ne5 26. Kg3 Rxc3+ 27. Bf3 Rxc1
0-1

[Event "8 Player Open 13"]
[Site "SchemingMind.com"]
[Date "2014.10.01"]
[Round "-"]
[White "Sahajaxx"]
[Black "maro"]
[Result "1-0"]
[WhiteCountry "ENG"]
[BlackCountry "MEX"]
[WhiteElo "2188"]
[WhiteRD "77"]
[BlackElo "1521"]
[BlackRD "55"]
[GameID "366268"]

1. d4 d5 2. c4 e6 3. Nc3 Nf6 4. Nf3 b6 5. g3 Na6 6. Qa4+ c6 7. Bg5 Bb7 8. e3 Be7 9. Bxf6 Bxf6 10. cxd5 exd5
11. Bxa6 b5 12. Bxb5 cxb5 13. Qxb5+ Ke7 14. Qxb7+ Kf8 15. Qxd5 g6 16. O-O Kg7 17. Qxd8 Rhxd8 18. Ne4
1-0

[Event "8 Player Open 13"]
[Site "SchemingMind.com"]
[Date "2014.10.02"]
[Round "-"]
[White "Scooter"]
[Black "Sahajaxx"]
[Result "0-1"]
[WhiteCountry "USA"]
[BlackCountry "ENG"]
[WhiteElo "1752"]
[WhiteRD "44"]
[BlackElo "2188"]
[BlackRD "77"]
[GameID "366269"]

1. d4 Nf6 2. Bf4 d5 3. Nf3 c5 4. e3 e6 5. c3 Nc6 6. Bb5 Bd7 7. O-O cxd4 8. cxd4 a6 9. Bxc6 Bxc6 10. Nc3 Rc8
11. a3 Be7 12. Rc1 Nd7 13. b4 O-O 14. Ne5 Nxe5 15. Bxe5 f6 16. Bg3 Bd6 17. Bxd6 Qxd6 18. a4 Qxb4
0-1

[Event "8 Player Open 13"]
[Site "SchemingMind.com"]
[Date "2014.10.02"]
[Round "-"]
[White "Sahajaxx"]
[Black "Scooter"]
[Result "1-0"]
[WhiteCountry "ENG"]
[BlackCountry "USA"]
[WhiteElo "2188"]
[WhiteRD "77"]
[BlackElo "1752"]
[BlackRD "44"]
[GameID "366270"]

1. d4 Nf6 2. Nf3 g6 3. c4 Bg7 4. g3 O-O 5. Bg2 d6 6. O-O Bg4 7. Nc3 c6 8. h3 Bxf3 9. Bxf3 Re8 10. e4 e5
11. d5 cxd5 12. cxd5 Nbd7 13. Be3 a6 14. Rc1 Rc8 15. Qb3 b5 16. Qa3 Nb8 17. Be2 Nfd7 18. Rc2 Nb6 19. b3 Bf6 20. Rfc1 Bg5
21. Bxg5 Qxg5 22. Qxd6 N6d7 23. a4
1-0

[Event "8 Player Open 13"]
[Site "SchemingMind.com"]
[Date "2014.10.01"]
[Round "-"]
[White "Sahajaxx"]
[Black "gabeeg"]
[Result "1-0"]
[WhiteCountry "ENG"]
[BlackCountry "USA"]
[WhiteElo "2188"]
[WhiteRD "77"]
[BlackElo "2035"]
[BlackRD "110"]
[GameID "366271"]

1. d4 d6 2. c4 e5 3. dxe5 dxe5 4. Qxd8+ Kxd8 5. Nf3 f6 6. e3 Be6 7. Nc3 c6 8. Be2 Nd7 9. O-O Nh6 10. e4 Kc7
11. Rd1 Bc5 12. a3 Ng4 13. Rf1 Rad8 14. h3 Nh6 15. Bd2 Nf7 16. b4 Bd4 17. Nd5+ Kb8 18. Nxd4 exd4 19. Nf4 Rhe8 20. Nxe6 Rxe6
21. c5 Rxe4 22. Bd3 Re7 23. Bxh7 Nfe5 24. Bc2 Nc4 25. Bf4+ Nde5 26. Rfd1 g5 27. Bg3 Kc7 28. Ra2 b6 29. Be4 Kb7 30. Bxe5 Rxe5
31. Bd3 b5 32. Kf1 a6 33. Rc1 Rde8 34. a4 f5 35. axb5 cxb5 36. g3 Rd5 37. Kg2 Rf8 38. Rca1 a5 39. Re1 a4 40. Re7+ Kc6
41. Re6+ Rd6 42. cxd6
1-0

[Event "8 Player Open 13"]
[Site "SchemingMind.com"]
[Date "2014.10.01"]
[Round "-"]
[White "gabeeg"]
[Black "Sahajaxx"]
[Result "1/2-1/2"]
[WhiteCountry "USA"]
[BlackCountry "ENG"]
[WhiteElo "2035"]
[WhiteRD "110"]
[BlackElo "2188"]
[BlackRD "77"]
[GameID "366272"]

1. Nf3 c5 2. d4 cxd4 3. Nxd4 g6 4. g3 Bg7 5. Bg2 Nf6 6. c4 O-O 7. Nc3 Nc6 8. O-O Qb6 9. e3 d6 10. b3 Bd7
11. Bb2 Rac8 12. Qd2 Rfe8 13. Nd5 Nxd5 14. Bxd5 Ne5 15. Bc3 Bh3 16. Rfd1 a6 17. Ba5 Qa7 18. Qb4 Nc6 19. Qb6 Qxb6 20. Bxb6 Bg4
21. f3 Bd7 22. Kf2 Nxd4 23. Bxd4 Bc6 24. Rac1 Bxd4 25. Rxd4 Bxd5 26. Rxd5 b5 27. e4=
1/2-1/2